Minecraft Flowers - Statistics

General Stats
  • This quiz has been taken 39 times
  • The average score is 9 of 14
Answer Stats
Hint Answer % Correct
- Poppy
82%
- Dandelion
79%
- Tulip
79%
- lilac
73%
- rose bush
73%
- Lily of the valley
70%
- peony
70%
- Sunflower
67%
- Wither rose
67%
- Cornflower
55%
- Orchid
48%
- Allium
42%
- Azure
42%
- Oxeye daisy
39%
No matching quizzes found
Score Distribution
Percent of People with Each Score
Percentile by Number Answered
Your Score History
You have not taken this quiz